| 000 | 00412nam a2200145Ia 4500 | ||
|---|---|---|---|
| 008 | 151213s9999 xx 000 0 und d | ||
| 100 | _aH. A. Gleason | ||
| 245 |
_aAn Introduction to Descriptive Linguistics _cH. A. Gleason |
||
| 260 |
_aLondon _bHolt , Rimeant & Winston _c1961 |
||
| 300 | _a3591 p. | ||
| 650 | _aEnglish Literature | ||
| 650 | _aEnglish Literature | ||
| 700 | _aH. A. Gleason | ||
| 999 |
_c2392 _d2392 |
||